000
00293nam a2200109Ia 4500
008
190216s9999||||xx |||||||||||||| ||und||
100
_a
Azheekod Shashti Poorthi Smaranika Samidi
245
0
_a
Malayalam-Rekha Charithra Rajana
260
_b
Bhasha Institute
650
_a
Malayalam
942
_c
BK
999
_c
26285
_d
26285